Renewable energy sources and emerging technologies/ (Record no. 10649)

MARC details
000 -LEADER
fixed length control field 00860 a2200229 4500
008 - FIXED-LENGTH DATA ELEMENTS--GENERAL INFORMATION
fixed length control field 111128t xxu||||| |||| 00| 0 eng d
010 ## - LCCN (DPL NO)
LC control number ENG-89448
020 ## - INTERNATIONAL STANDARD BOOK NUMBER
International Standard Book Number 8120333574
Terms of availability 250.00
035 ## - SYSTEM CONTROL NUMBER
System control number EN-72981
037 ## - SOURCE OF ACQUISITION
Source of stock number/acquisition DBAD / PUB
082 14 - DEWEY DECIMAL CLASSIFICATION NUMBER
Classification number 621.042
100 1# - MAIN ENTRY--PERSONAL NAME
Personal name Kothari, D.P.
9 (RLIN) 36208
245 1# - TITLE STATEMENT
Title Renewable energy sources and emerging technologies/
Statement of responsibility, etc by D.P. Kothari, K.C. Singal and Rakesh Ranjan
260 ## - PUBLICATION, DISTRIBUTION, ETC. (IMPRINT)
Place of publication, distribution, etc New Delhi
Name of publisher, distributor, etc Prentice-Hall of India
Date of publication, distribution, etc 2008
270 ## - ADDRESS
Address M-97, Connaught Circus,
City New Delhi
State or province Delhi
Postal code 110001
300 ## - PHYSICAL DESCRIPTION
Extent xviii, 350p.
Dimensions 21 cm. (Pbk)
Other physical details ill.
500 ## - GENERAL NOTE
General note Includes bibliographical reference and index
700 ## - ADDED ENTRY--PERSONAL NAME
Personal name Singal, K.C.
9 (RLIN) 36209
700 ## - ADDED ENTRY--PERSONAL NAME
Personal name Ranjan, Rakesh
9 (RLIN) 36210
942 ## - ADDED ENTRY ELEMENTS (KOHA)
Institution code [OBSOLETE] dpl
Item type English Books
Call number prefix 621.042/ KOT
Source of classification or shelving scheme Dewey Decimal Classification
Holdings
Withdrawn status Lost status Source of classification or shelving scheme Damaged status Not for loan Collection code Home library Current library Source of acquisition Cost, normal purchase price Total Checkouts Full call number Barcode Date last seen Copy number Cost, replacement price Koha item type
    Dewey Decimal Classification   Not For Loan Non-fiction D.B.Act.Division D.B.Act.Division DBAD/PUB 250.00   621.042 KOT EN-72981 15/09/2008 1 250.00 English Books

© Delhi Public Library
Hit Counter
free hit counter